Derryberry's educating for health : A foundation for contemporary health education practice

Derryberry's Educating for Health includes the complete original text of his classic book with new chapters by current experts and teachers in the field of health education and promotion. The book is organized into six sections: Linking Statistical Methods to Health Education, Education As a Ch...

Ausführliche Beschreibung

Gespeichert in:
Bibliographische Detailangaben
Format: Buch
Sprache:Undetermined
Veröffentlicht: USA Jossey Bass 2004
Schlagworte:
Tags: Tag hinzufügen
Keine Tags, Fügen Sie den ersten Tag hinzu!
Thư viện lưu trữ: Trung tâm Học liệu Trường Đại học Cần Thơ
LEADER 01170nam a2200217Ia 4500
001 CTU_152305
008 210402s9999 xx 000 0 und d
020 |c 55.00 
082 |a 613.071 
082 |b D438 
245 0 |a Derryberry's educating for health : 
245 2 |b A foundation for contemporary health education practice 
245 0 |c Editors by John P. Allegrante, David A. Sleet ; Foreword by J. Michael McGinnis 
260 |a USA 
260 |b Jossey Bass 
260 |c 2004 
520 |a Derryberry's Educating for Health includes the complete original text of his classic book with new chapters by current experts and teachers in the field of health education and promotion. The book is organized into six sections: Linking Statistical Methods to Health Education, Education As a Challenge to All Health Professions, Establishing the Parameters of Health Education, Community Health Education, Influencing the International Health Field, and Research in Public Health Issues. 
650 |a Health,Sức khoẻ 
650 |x Education,Giáo dục 
904 |i Nguyễn Thị Hương Sen 
980 |a Trung tâm Học liệu Trường Đại học Cần Thơ